Normal view
MARC view
Entry Personal Name
001 - CONTROL NUMBER
- control field: 246077
003 - CONTROL NUMBER IDENTIFIER
- control field: MY-SjTCS
005 - DATE AND TIME OF LATEST TRANSACTION
- control field: 20200306164130.0
008 - FIXED-LENGTH DATA ELEMENTS
- fixed length control field: 200306|| aca||aabn | a|a d
040 ## - CATALOGING SOURCE
- Original cataloging agency: MY-SjTCS
- Transcribing agency: MY-SjTCS
100 ## - HEADING--PERSONAL NAME
- Personal name: Branca, Francesco.
670 ## - SOURCE DATA FOUND
- Source citation: Work cat.: (MY-SjTCS)47870: The challenge of obesity in the WHO European region and the strategies for response, c2007.